| 000 | 00341nam a22001457a 4500 | ||
|---|---|---|---|
| 003 | SGT | ||
| 020 | _a978-81-7473-093-1 | ||
| 082 |
_a610 _bP09H |
||
| 100 | _aHOSSAIN,A.S.M.T | ||
| 245 | _aPHYSICAL DIAGNOSIS : SIGN AND SYMPTOMS | ||
| 250 | _a1ST | ||
| 260 |
_aNEW DELHI _bA.I.T.B.S.PUBLISHERS _c2009 |
||
| 650 | _aMEDICINE | ||
| 942 |
_2ddc _cBK |
||
| 999 |
_c10901 _d10901 |
||